Quizzes
Events
Quiz Creation
Community
Videos
Private Events
Remove Ads
Sign In
Join for FREE
Feedback
Dark Mode
Quiz Categories
Sports
Geography
Music
Movies
Television
Just For Fun
Miscellaneous
History
Literature
Language
Science
Gaming
Entertainment
Religion
Holiday
For Kids
Quiz Lab
Recent
Popular Today
Quiz Kudos Today
Editor Picks
Curator Picks
Quizzes by...
Day
Popularity
Type
Ratings
Length
Year
Community
Subscriptions
Recent Discussions
Orange Saloon
Badges
Playlists
Quests
Create
Leaderboards
Showdown
Live 5
Trivia Bingo
Activity
Puzzle Library
Sporcle Events
Private Events
Virtual Trivia
Globe League
Become a Host
Pub Owners
SporcleCon
Opinionation
Our Games
Videos
Blog
Mobile Apps
Partnerships
Remove Ads and Go Orange
Feedback
Television
TV Characters
TV Show
Sitcom
Network
Friends
Reality Shows
Cast
South Park
Star Trek
The Simpsons
Doctor Who
Television
TV Characters
TV Show
Sitcom
Network
Friends
Reality Shows
Cast
South Park
Star Trek
The Simpsons
Doctor Who
Random Quiz
Search Sporcle
×
Quiz Lab
Quiz Lab
Television
Actress
Type in answers that appear in a list
Type in answers that appear in a list
Classic
Best Score? Go Orange.
SAG TV Drama Actress Winners Stats
Can you name the SAG winners for Best Actress in a Drama Series?
By
markymark96
10m
29 Questions
117 Plays
117 Plays
117 Plays
Comments
Comments
Give Quiz Kudos
Give Quiz Kudos
-
- Ratings
hide this ad
Replay
Link that replays current quiz
Next Quiz
Link to next quiz in quiz playlist
You Got
0%
They Got
Avg Score
62%
Avg Friend Score
Upgrade to see
Score Distribution
Jump to the score distribution portion of the page
Score
0/29
Timer
10:00
0
Plays Today
TV Show
Answer
% Correct
The Crown
Gillian Anderson
100%
The White Lotus
Jennifer Coolidge
100%
Killing Eve
Sandra Oh
95.2%
The Crown
Claire Foy
93.1%
How to Get Away with Murder
Viola Davis
93%
The Sopranos
Edie Falco
91.5%
The Sopranos
Edie Falco
91.5%
The Sopranos
Edie Falco
91.5%
Homeland
Claire Danes
91.5%
The Crown
Claire Foy
90.5%
The X-
Files
Gillian Anderson
88.9%
The X-
Files
Gillian Anderson
88.9%
Alias
Jennifer Garner
88.9%
The West Wing
Allison Janney
85.5%
The West Wing
Allison Janney
85.5%
TV Show
Answer
% Correct
American Horror Story
Jessica Lange
85.5%
ER
Julianna Margulies
84.6%
ER
Julianna Margulies
84.6%
The Good Wife
Julianna Margulies
84.6%
The Good Wife
Julianna Margulies
84.6%
The Morning Show
Jennifer Aniston
83.3%
Downton Abbey
Maggie Smith
82.1%
How to Get Away with Murder
Viola Davis
82.1%
Grey's Anatomy
Sandra Oh
79.5%
Brothers & Sisters
Sally Field
78.6%
Picket Fences
Kathy Baker
48.7%
Six Feet Under
Frances Conroy
46.2%
Grey's Anatomy
Chandra Wilson
45.3%
Squid Game
HoYeon Jung
20%
Quiz Playlist
Details
Report
Send in Message
Add To Playlist
Classic:
Type in answers that appear in a list
Last Updated: Feb 27, 2023
Quiz Scoreboard
CHALLENGE
Sign Up to Join the Scoreboard
Show All
Scores
Hide
Comments
May contain spoilers
Recently Published
Billboard Blitz: Fleetwood Mac
by CooCooCachoo
Music
15s
Presidents Visiting Landmarks
by Hejman
History
7m
An Introduction to Baseball
by treessimontrees
Sports
5m
More to Explore
Quiz From the Vault
Featured Blog Post
Where Did the Easter Bunny Come From?
hide this ad
You Might Also Like...
Tags
Actress Quiz
Drama
SAG
Today's Top Quizzes in Television
Browse Television
hide this ad
Today's Top Quizzes in Actress
Browse Actress
Top Contributed Quizzes in Television
1
5-to-1: The Simpsons Families
2
5-to-1: Television Doctors
3
7-to-1: TV Show Settings
4
One Piece Logic Puzzle
5
5-to-1: Streaming Originals
6
Survivor Seasons
7
Survivor Logic Puzzle: Heroes vs. Villains
8
TV Shows by First Names
9
Survivor Season by Logo
10
Survivor Trivia
Explore More
Trending Topics
Anime
Disney
Kpop
Harry Potter
Marvel
NBA
Crossword
Puzzle
The Office
Soccer
Song
WWE
Country
NFL
Pokémon
hide this ad
More By:
markymark96
Quiz
Plays
Rating
Category
Featured
Created
Every Single Best Supporting Actress Nominee
1,759
4.00
Movies
Oct 29, 2022
Every Single Best Supporting Actor Nominee
1,239
3.50
Movies
Dec 7, 2022
Golden Globes Best Actress (Comedy/Musical) since 1980
1,135
4.56
Movies
Apr 11, 2015
Golden Globes Best Actor (Comedy/Musical) since 1980
1,007
3.75
Movies
Apr 12, 2015
Golden Globes Best Actress (Drama) since 1980
990
4.86
Movies
Apr 11, 2015
Go to Creator's Profile
Score Distribution
Quiz Creator Spotlight
markymark96
Follow
Send a Message
Quizzes Created
-
Created Quiz Play Count
-
More By This Creator
Popular Quizzes Today
1
Find the US States - No Outlines Minefield
2
Find the Countries of Europe - No Outlines Minefield
3
The Countries of the World
4
Find the US States
5
US States
6
Popular People in 1961
7
Risky Map Clicking: Biggest States A-Z
8
Movies - When Are They Set?
More Television Quizzes
Find the E TV Series
Curator's Pick
Trending Quizzes
Risky Map Clicking: Least Populous States A-Z
1-10 Letter G Words
1-10 Letter F Words
Risky Map Clicking: Next State Alphabetically
Risky Map Clicking: Biggest States A-Z
Recently Updated
Leaping Animals
pecheneg
Reality TV Shows (A-Z)
bhenderson79
Rickey Henderson's Hall of Fame Teammates
pecheneg
Champions League XIs: Arsenal
pecheneg
Quick Pick: Celebrities in WWE's Hall of Fame
aduchscher
A-Z Keypad Blitz II
pecheneg
Multiple Oscar Actors
pecheneg
Mystery Phrase Blitz: Oscar 'Best Actors'
pecheneg
F. Scott Fitzgerald Novels
LTH
Pick 3 Villains
ddd62291
Trending Topics
Disney
Crossword
Harry Potter
Anime
Kpop
NBA
Marvel
NFL
Soccer
Pokémon
Song
Puzzle
WWE
Country
The Office
Your Account Isn't Verified!
In order to create a playlist on Sporcle, you need to verify the email address you used during registration. Go to your
Sporcle Settings
to finish the process.
Report this User
Report this user for behavior that violates our
Community Guidelines
.
Details:
Send Report
Go to the Sporcle.com Mobile Site →
Comments